| 000 | 004390000a22001690004500 | ||
|---|---|---|---|
| 003 | MACL | ||
| 005 | 20160105173117.0 | ||
| 008 | 160105b xxu||||| |||| 00| 0 eng d | ||
| 040 |
_aMACL _cMACL |
||
| 041 | _aEnglish | ||
| 082 | _a824/CAR | ||
| 100 |
_aCarlyle, Thomas _927874 |
||
| 245 |
_aCritical and Miscellaneous Essays _bvol 1 |
||
| 260 |
_bChapman & Hall's Ltd _c1857 _aLondon |
||
| 650 |
_aEssays _928360 |
||
| 942 |
_cBK _k824/CAR _2ddc |
||
| 999 |
_c38216 _d38216 |
||